| 000 | 01042cam a2200241Ia 4500 | ||
|---|---|---|---|
| 020 | _a9839054449 | ||
| 020 | _a9789839054446 | ||
| 040 | _cSINTU | ||
| 082 | _a303 PAN 2005 A065 Or. | ||
| 245 | 0 | 0 | _aDigital review of Asia Pacific 2005/2006 / |
| 246 | 1 | 0 | _aDigital review of Asia Pacific |
| 260 |
_aOttawa : _bPan Asia Networking Programme, International Development Research Centre ; _aBangkok : _bAsia-Pacific Development Information Programme, United Nations Development Programme ; _aMontreal, Canada : _bORBICOM, _cc2005. |
||
| 300 |
_axviii, 259 p. ; _c30 cm. + _e1 CD-ROM (4 3/4 in.) |
||
| 500 | _a"This edition updates reports first published in the 2003/2004 edition of this publication." | ||
| 500 | _aPublisher: Claude-Yves Charron ; Published in association with: Southbound, Penang. | ||
| 500 | _aChief editor: Chin Saik Yoon. | ||
| 650 | 0 | _aInformation technology | |
| 650 | 0 | _aInformation technology | |
| 650 | 0 | _aInformation technology | |
| 700 | 1 | _aCharron, Claude-Yves. | |
| 700 | 1 | _aYoon, Chin Saik. | |
| 942 | _cEK | ||
| 999 |
_c14271 _d14271 |
||